000 00402pab a2200169 454500
008 180718b2001 xxu||||| |||| 00| 0 eng d
100 _aVenu, S.
245 _aEconomic value of water
260 _c2001
300 _ap.9
362 _a12 Jan
650 _aWater resources - India
650 _aDrinking water - India
650 _aDrinking water
773 _aBusiness Standard
909 _a48698
999 _c48698
_d48698